OPAC Home

ශ්‍රී ලංකාවේ ස්ත්‍රීන් ජන්ද බලයට කළ සටන (Record no. 121506)

MARC details
000 -LEADER
fixed length control field 00578nam a2200181Ia 4500
003 - CONTROL NUMBER IDENTIFIER
control field LK-CoDNM
008 - FIXED-LENGTH DATA ELEMENTS--GENERAL INFORMATION
fixed length control field 010623t2001 xxu||||| |||| 00| 1 sin d
040 ## - CATALOGING SOURCE
Original cataloging agency LK-CoDNM
Modifying agency LK-CoDNM
Description conventions LK-CoDNM
041 ## - LANGUAGE CODE
Language code of text/sound track or separate title Sinhala; Sinhalese
080 ## - UNIVERSAL DECIMAL CLASSIFICATION NUMBER
Universal Decimal Classification number 396
Item number DEA
942 ## - ADDED ENTRY ELEMENTS (KOHA)
Koha item type Books
100 ## - MAIN ENTRY--PERSONAL NAME
Personal name De Alvis,Malati
700 ## - ADDED ENTRY--PERSONAL NAME
Personal name Jayawardena,Kumari
245 ## - TITLE STATEMENT
Title ශ්‍රී ලංකාවේ ස්ත්‍රීන් ජන්ද බලයට කළ සටන
246 ## - VARYING FORM OF TITLE
Title proper/short title Sri Lankawe Streen Chanda Balayata Kala Satana
260 ## - PUBLICATION, DISTRIBUTION, ETC. (IMPRINT)
Name of publisher, distributor, etc. Sociologist Association
Place of publication, distribution, etc. Colombo
Date of publication, distribution, etc. 2001
300 ## - PHYSICAL DESCRIPTION
Other physical details 106p,pl, 21 cm
Holdings
Withdrawn status Lost status Damaged status Not for loan Collection code Permanent Location Current Location Date acquired Full call number Barcode Koha item type
        Monographs Library National Museum Colombo - Sri Lanka Library National Museum Colombo - Sri Lanka 2023-08-02 396 DEA 1411090 Books
Copyright © 2023 Department of National Museum, Colombo 07, Sri Lanka Funded by UNESCO IFAP UNESCO